La carta constitucional de la Unión Europea / (Registro nro. 31107)
[ vista simple ]
| 000 -LEADER | |
|---|---|
| fixed length control field | 02845nam a22002537a 4500 |
| 003 - CONTROL NUMBER IDENTIFIER | |
| control field | OSt |
| 005 - DATE AND TIME OF LATEST TRANSACTION | |
| control field | 20251031143711.0 |
| 008 - FIXED-LENGTH DATA ELEMENTS--GENERAL INFORMATION | |
| fixed length control field | 251031b |||||||| |||| 00| 0 eng d |
| 020 ## - INTERNATIONAL STANDARD BOOK NUMBER | |
| International Standard Book Number | 9587100174 |
| 037 ## - SOURCE OF ACQUISITION | |
| Source of stock number/acquisition | Donación |
| 040 ## - CATALOGING SOURCE | |
| Original cataloging agency | CO-JMCR |
| Language of cataloging | spa |
| Transcribing agency | CO-JMCR |
| Modifying agency | CO-JMCR |
| Description conventions | rda |
| 041 0# - LANGUAGE CODE | |
| Language code of text/sound track or separate title | spa |
| 082 04 - DEWEY DECIMAL CLASSIFICATION NUMBER | |
| Classification number | 342.4 |
| Item number | R89c |
| 100 1# - MAIN ENTRY--PERSONAL NAME | |
| Personal name | Rozo Acuña, Eduardo, |
| 9 (RLIN) | 1697 |
| 245 13 - TITLE STATEMENT | |
| Title | La carta constitucional de la Unión Europea / |
| Statement of responsibility, etc. | Eduardo Rozo Acuña. |
| 260 3# - PUBLICATION, DISTRIBUTION, ETC. | |
| Place of publication, distribution, etc. | Bogotá : |
| Name of publisher, distributor, etc. | Universidad Externado de Colombia, |
| Date of publication, distribution, etc. | 2005. |
| 300 ## - PHYSICAL DESCRIPTION | |
| Extent | 307 páginas ; |
| Dimensions | 24 cm. |
| 505 0# - FORMATTED CONTENTS NOTE | |
| Formatted contents note | El tratado para la creación de la Constitución Política de la Unión Europea -- El proceso de aprobación del proyecto de constitución -- El esquema constitucional previsto -- Análisis general del contenido de la Constitución Política Europea -- Consideraciones de síntesis sobre algunos aspectos especiales de la Constitución Europea -- Texto de la constitución política Europea -- Tratado por el que se establece una constitución para Europa -- Carta de los derechos fundamentales de la Unión -- De las políticas y el funcionamiento de la Unión -- Disposiciones Generales y Finales. |
| 520 3# - SUMMARY, ETC. | |
| Summary, etc. | La conferencia de jefes de Estado y de Gobierno de los países miembros de la Unión Europea, reunida en Roma el 19 de octubre 2004, proclamó la constitución política de la Unión Europea. El parlamento Europeo, en su sesión del 12 de enero de 2005, la confirmó con el voto favorable de dos tercios de los parlamentarios. Hasta el momento ha sido aprobado por 12 Estados miembros, pero Francia y Holanda, con referéndum popular, han rechazado su aprobación. Sin embargo, todo permite imaginar que este obstáculo podrá superarse muy pronto y que la Carta será aprobada en últimas por estos dos países. Con la carta política nace un nuevo Estado de Derecho, la Unión Europea, que concluye en gran forma medio siglo de grandes esfuerzos comunitarios y abre una nueva era para sus actuales 25 Estados miembros que se han unido en el respeto de su diversidad. La nueva Unión Europea comprende 450 millones de ciudadanos que viven en un espacio, cada vez más integrado, de dignidad humana, libertad, democracia, igualdad, justicia, paz, bienestar y seguridad. El conocimiento y la conciencia del orden jurídico - constitucional de la Unión Europea son fundamentales para que en Europa esta nueva y grande realidad tenga éxito que merece y para que los demás Estados, especialmente los latinoamericanos, tengan un oriente más en sus esfuerzos por alcanzar su desarrollo político. |
| 650 #7 - SUBJECT ADDED ENTRY--TOPICAL TERM | |
| Topical term or geographic name entry element | Derechos humanos |
| Geographic subdivision | Países de la Unión Europea. |
| Source of heading or term | JMCR |
| 9 (RLIN) | 44413 |
| 651 #7 - SUBJECT ADDED ENTRY--GEOGRAPHIC NAME | |
| Geographic name | Países de la Unión Europea |
| General subdivision | Derecho constitucional. |
| Source of heading or term | JMCR |
| 9 (RLIN) | 44414 |
| 651 #7 - SUBJECT ADDED ENTRY--GEOGRAPHIC NAME | |
| Geographic name | Países de la Unión Europea |
| Form subdivision | Tratados internacionales. |
| Source of heading or term | JMCR |
| 9 (RLIN) | 44415 |
| 942 ## - ADDED ENTRY ELEMENTS (KOHA) | |
| Source of classification or shelving scheme | Dewey Decimal Classification |
| Koha item type | Books |
| Withdrawn status | Lost status | Source of classification or shelving scheme | Damaged status | Not for loan | Collection code | Home library | Current library | Shelving location | Date acquired | Total Checkouts | Full call number | Barcode | Date last seen | Copy number | Price effective from | Koha item type |
|---|---|---|---|---|---|---|---|---|---|---|---|---|---|---|---|---|
| Dewey Decimal Classification | Non-fiction | Biblioteca Pública José María del Castillo y Rada | Biblioteca Pública José María del Castillo y Rada | Book Cart | 02/22/2024 | 342.4 R89c | 201812628 | 10/31/2025 | Ej.1 | 10/31/2025 | Books |